Tarlózás régibb emlékeimböl
Esej napísané ešte r.1875 pri príležitosti stretnutia inteligencie Humenného s ministerským komisárom ohľadom otázky miestneho priemyslu, resp. remesla, ktoré bol žiadúce rozvíjať.
| Hlavný autor: | |
|---|---|
| Médium: | Článok |
| Jazyk: | Hungarian |
| Témy: | |
| Zdroj: |
1. Homonna és Vidéke : Vegyes tartalmu közmüvelődési, szépirodalmi és közgazdasági hetilap 1. Roč. 7, č. 49 (26.11.1907) s. 3 |
| LEADER | 01056nab#a2200325#ar4500 | ||
|---|---|---|---|
| 001 | 000073540 | ||
| 003 | SVKKK | ||
| 005 | 19970929xxxxxxx. | ||
| 008 | 06 c xo huno | ||
| FMT | |||
| 038 | |a SVKKK | ||
| 040 | |a SVKKK |b slo |e AACR2 | ||
| 041 | 0 | |a hun | |
| 044 | |a xo |c SK | ||
| 080 | |a 894.511(437.6)-4 | ||
| 100 | 1 | |a Doby, Anton |4 aut | |
| 242 | 1 | 0 | |a Paberky z mojich starších spomienok |
| 245 | 1 | 0 | |a Tarlózás régibb emlékeimböl |c Anton Doby |
| 500 | |a Antol | ||
| 500 | |a mikrofilm | ||
| 520 | 2 | |a Esej napísané ešte r.1875 pri príležitosti stretnutia inteligencie Humenného s ministerským komisárom ohľadom otázky miestneho priemyslu, resp. remesla, ktoré bol žiadúce rozvíjať. | |
| 650 | 0 | 4 | |a eseje - literatúra maďarská - texty |
| 773 | 0 | |t Homonna és Vidéke : Vegyes tartalmu közmüvelődési, szépirodalmi és közgazdasági hetilap |g Roč. 7, č. 49 (26.11.1907) s. 3 | |
| 957 | |a Humenné | ||
| 958 | |a DG | ||
| 958 | |a SK | ||
| 974 | |a Ba |d 19970929 | ||
| 992 | |a RBX | ||
| BAS | |||
| 998 | |a RETRO | ||